Maryland A-Z - Statistics

General Stats
  • This quiz has been taken 85 times
  • The average score is 14 of 26
Answer Stats
Letter Hint Answer % Correct
A State Capital Annapolis
100%
B Largest City Baltimore
98%
C The ___ Bay Chesapeake
94%
R NFL Team for Baltimore Ravens
86%
P River between Maryland and Virginia Potomac River
82%
J Famous Philanthropist whose legacy is a University and Hospital Johns Hopkins
76%
D Peninsula with Delaware, Maryland, and Virginia Delmarva Peninsula
74%
M Famous Line that separates the Free and Slave States back then Mason-Dixon Line
74%
W Metropolitan area Maryland is in Washington-Alexandria Area
71%
O Popular Tourist Spot on the Atlantic Ocean City
68%
T Famous Abolitionist Harriet Tubman
59%
F Bombed Fort that inspired the Star-Spangled Banner Fort McHenry
58%
I Hurricane that stormed Maryland Isabel | Irene
55%
H Most Populous City in Western Maryland Hagerstown
53%
K Least Populous County in Maryland Kent County
52%
Q County Queen Anne's
45%
E Country that at least 10% of Maryland's Population comes from El Salvador
44%
L Country that has a county named, "Maryland County" Liberia
44%
Z Company: Astra_____ Zeneca
42%
G Westernmost County Garrett County
33%
X Venue in the University of Maryland Xfinity Center
32%
S The Battle of Antietam occurred near this city Sharpsburg
15%
U City where Six Flags America is near Upper Marlboro
12%
Y Tributary of the Monongahela River Youghiogheny River
8%
N World's Largest Megalopolis by Economic Output Northeast Megalopolis
6%
V Company: J. Craig ____ Institute Venter
5%
No matching quizzes found
Score Distribution
Percent of People with Each Score
Percentile by Number Answered
Your Score History
You have not taken this quiz